Biblioteca de Autores Célebres

Guardado en:
Detalles Bibliográficos
Formato: Desconocido
Publicado: Madrid : América ;
Aporte de:Registro referencial: Solicitar el recurso aquí
LEADER 003170000a22001450004500
001 22903
003 CEDINCI
005 20120203132959.0
008 090909s____||||ESP||||||||||||||||||d
040 |a CED 
041 0 |a *** 
044 |a ESP 
245 1 0 |a Biblioteca de Autores Célebres 
260 |a Madrid :   |b América ;  
999 |c 8721  |d 8721